Estadísticas para Formas de Países Aleatorios

Haz click aquí para intentar la prueba.

Estadísticas generales

  • Esta prueba ha sido intentada 7.206 veces
  • La puntuación promedio es 11 de 20

Estadísticas de respuestas

Respuesta% Correcto
Australia
98%
Estados Unidos
97%
Italia
97%
México
96%
Noruega
95%
Chile
93%
España
93%
Japón
92%
Canadá
90%
Egipto
90%
Marruecos
90%
Argentina
89%
Francia
89%
India
89%
Islandia
89%
Reino Unido
89%
Rusia
89%
Madagascar
88%
Alemania
87%
Brasil
87%
Tailandia
87%
Turquía
87%
Chipre
86%
Vietnam
86%
Grecia
85%
Indonesia
84%
Portugal
84%
Somalia
84%
Cuba
83%
Filipinas
82%
Suecia
82%
Nueva Zelanda
81%
Senegal
81%
Austria
80%
China
80%
Croacia
80%
Perú
80%
Sudáfrica
80%
Myanmar
79%
Irlanda
78%
Papua Nueva Guinea
77%
Argelia
76%
Nepal
76%
Malí
75%
Mongolia
75%
Namibia
75%
República Democrática del Congo
74%
Ucrania
74%
Gambia
72%
Irán
72%
Israel
72%
Laos
72%
Mozambique
71%
Pakistán
71%
Chad
70%
Yemen
70%
Dinamarca
69%
Etiopía
68%
Finlandia
68%
Panamá
68%
Polonia
68%
Sri Lanka
68%
Angola
66%
Ciudad del Vaticano
66%
Mónaco
65%
Omán
64%
Benín
63%
Suiza
63%
Mauritania
62%
Sudán
62%
Libia
60%
Venezuela
60%
Bosnia y Herzegovina
59%
Kazajistán
59%
Malasia
58%
Albania
57%
Estados Federados de Micronesia
57%
Haití
57%
Kosovo
57%
Países Bajos
57%
Siria
56%
Uzbekistán
56%
Arabia Saudita
55%
Camerún
55%
Colombia
55%
Eritrea
55%
Jordania
55%
Moldavia
55%
Corea del Sur
54%
Guinea Ecuatorial
54%
República Checa
54%
Rumania
54%
Letonia
53%
Taiwán
53%
Trinidad y Tobago
53%
Paraguay
52%
Túnez
52%
Bangladés
51%
Malaui
51%
Afganistán
50%
Emiratos Árabes Unidos
50%
Gabón
50%
Guatemala
50%
Serbia
50%
Tayikistán
50%
Turkmenistán
50%
Zambia
50%
Bahamas
48%
Bulgaria
48%
Níger
48%
Costa Rica
47%
Eslovaquia
47%
Hungría
47%
Bolivia
46%
Ecuador
46%
Corea del Norte
45%
Ghana
45%
Irak
45%
Georgia
44%
Estonia
43%
Guyana
43%
Macedonia del Norte
43%
Togo
43%
Burkina Faso
42%
Bielorrusia
41%
Liberia
41%
Nicaragua
41%
Costa de Marfil
40%
Maldivas
39%
Malta
39%
Nigeria
39%
Timor Oriental
39%
Uruguay
39%
Catar
38%
Guinea
38%
Kiribati
38%
República Dominicana
38%
Singapur
38%
República del Congo
37%
Nauru
36%
Kirguistán
35%
Kuwait
35%
Antigua y Barbuda
34%
Bélgica
34%
Eslovenia
34%
Tanzania
34%
Botsuana
33%
Lituania
33%
Azerbaiyán
32%
Brunéi
32%
Luxemburgo
32%
Tuvalu
32%
Armenia
31%
Jamaica
31%
Sudán del Sur
31%
Islas Marshall
30%
Montenegro
30%
República Centroafricana
29%
Uganda
29%
Andorra
28%
Zimbabue
28%
Belice
27%
Burundi
27%
Fiyi
27%
Honduras
27%
Kenia
27%
Islas Salomón
26%
Líbano
26%
Liechtenstein
26%
Bután
25%
San Cristóbal y Nieves
25%
Suazilandia
25%
Lesoto
24%
Sierra Leona
23%
Camboya
22%
Comoras
22%
Guinea-Bissau
22%
Tonga
22%
Vanuatu
21%
Yibuti
21%
Barbados
20%
Cabo Verde
20%
Samoa
20%
San Vicente y las Granadinas
20%
Dominica
18%
Santo Tomé y Príncipe
18%
Palaos
17%
Seychelles
17%
Granada
16%
San Marino
15%
Santa Lucía
15%
Baréin
14%
Ruanda
14%
Surinam
14%
El Salvador
13%
Mauricio
11%

Distribución de puntuación

Porcentaje por número respondido

Porcentaje de gente con cada puntuación

Historial de tus puntuaciones

No has intentado esta prueba.